Calderon /

Saved in:
Bibliographic Details
Main Author: Hasell, E. J.
Format: Book
Language:English
Published: Philadelphia : Lippincott, 1900.
Series:Foreign classics for English readers
Subjects:
LEADER 01002cam a2200265 a 4500
001 c000392995
003 CARM
005 20130215135222.0
008 130215q1900 pau 000 0 eng d
019 1 |a 69840724  |5 LACONCORD2021 
035 |a (OCoLC)220768111  |5 LACONCORD2021 
040 |a NUN:S  |b eng  |c NUN:S 
082 0 4 |a 860.9003  |2 23 
100 1 |a Hasell, E. J. 
245 1 0 |a Calderon /  |c by E.J. Hasell. 
260 |a Philadelphia :  |b Lippincott,  |c 1900. 
300 |a 213 p. ;  |c 19 cm. 
490 0 |a Foreign classics for English readers 
650 0 |a Spanish literature  |y Classical period, 1500-1700  |x History and criticism. 
600 1 0 |a Calderón de la Barca, Pedro,  |d 1600-1681. 
852 8 |b CARM  |p 0534306  |f BK 
852 8 |b SCAN  |h A3:AG11A0  |i A05751  |p 0534306  |f BK 
999 f f |i 561ed50b-195b-5a6e-9f09-14f649ded2ff  |s dafcea19-48bb-5d7f-985c-d0c41fa0385d 
952 f f |p Can circulate  |a CAVAL  |b CAVAL  |c CAVAL  |d CARM 1 Store  |i book  |m 0534306 
952 f f |a CAVAL  |b CAVAL  |c CAVAL  |d Unmapped Location  |e A05751  |f A3:AG11A0  |h Other scheme